Interior details : 25 fabulous finishing touches

Bibliographic Details
Main Author: Spencer, Andrea
Other Authors: Rae, Graham
Format: Book
Published: London : Lorenz Books , 1996
Subjects:

MARC

LEADER 00000cam a2200000 7i4500
001 0000014787
002 000016187
005 20000330.0
020 |a 1859672191 
090 0 0 |a 747   |b SPE 
100 1 |a Spencer, Andrea 
245 1 0 |a Interior details :   |b 25 fabulous finishing touches   |c Andrea Spencer ; photography by Graham Rae 
260 |a London :   |b Lorenz Books ,   |c 1996 
300 |a 96 p. :   |b ill. ;   |c 21 cm. 
650 0 0 |a Interior decoration 
700 1 |a Rae, Graham 
999 |a 058985   |b BUKU   |c PINJAMAN   |e PERPUSTAKAAN KOMUNITI PETALING JAYA